Most Populated cities in Akkaraleno - NO HINTS - Statistics

General Stats
  • This quiz has been taken 6 times
  • The average score is 20 of 30
Answer Stats
Answer % Correct
15 Adagane
100%
26 Asterry City
100%
21 Bonder
100%
2 Estonne
100%
13 Harrison Lee City
100%
1 Lilia
100%
9 Newpoint
100%
19 Restalli
100%
11 Arrington
67%
7 Cast
67%
8 Corry
67%
4 Delata
67%
22 Fetton
67%
29 Gill
67%
20 Jestown
67%
12 Lesserdam
67%
30 Lystia
67%
25 Old Town
67%
5 Ollabry
67%
10 Sailwyn Point
67%
16 Stelindi
67%
3 Veens
67%
18 Alquensavero
33%
6 Dabowi
33%
28 Endise Beach
33%
14 Governelli
33%
23 Illiston
33%
27 Menesly
33%
24 Sordee
33%
17 South Ollabry
33%
No matching quizzes found
Score Distribution
Percent of People with Each Score
Percentile by Number Answered
Your Score History
You have not taken this quiz